000
00305nam a22001217a 4500
008
180522b xxu||||| |||| 00| 0 eng d
041
_a
eng
080
_a
043.3
100
_a
0
101
_a
SHP-BTH
245
_a
Cold War, US-SOVIET UNION and their respective allies' crisis
_c
Rexhepi,G
942
_2
udc
_c
BK
999
_c
46168
_d
46168